[Event "Lahti We LahS A"]
[Site "Lahti"]
[Date "2017.08.20"]
[Round "3"]
[White "Tuorila, Kai"]
[Black "Vaatainen, Timo"]
[Result "0-1"]
[WhiteElo "1941"]
[BlackElo "2219"]
[PlyCount "96"]
[EventDate "2017.08.19"]
[EventType "swiss"]
[EventRounds "4"]
[EventCountry "FIN"]
[SourceTitle "EXT 2022"]
[Source "ChessBase"]
[SourceDate "2021.10.06"]
[SourceVersion "1"]
[SourceVersionDate "2021.10.06"]
[SourceQuality "1"]

1. d4 d5 2. Bg5 c6 3. e3 g6 4. c4 f6 5. Bh4 e6 6. Nc3 Bg7 7. Nf3 Ne7 8. Bd3 0-0 9. 0-0 Nd7 10. Qb3 Kh8 11. Rad1 Nf5 12. Bg3 Nxg3 13. hxg3 f5 14. Qa3 Re8 15. b4 Qe7 16. Qb3 a6 17. a4 dxc4 18. Qxc4 e5 19. Be2 exd4 20. Nxd4 Ne5 21. Qb3 b6 22. Bf3 Bd7 23. Rb1 Nxf3+ 24. Nxf3 Be6 25. Qc2 Rad8 26. Ne2 Bd5 27. Nc3 Bc4 28. Rfd1 Rxd1+ 29. Nxd1 b5 30. axb5 axb5 31. Nd2 Bd5 32. Nc3 Be6 33. Ne2 Rd8 34. Nf4 Bf7 35. Nb3 Qxb4 36. Nd4 Qc4 37. Qxc4 Bxc4 38. Nxc6 Ra8 39. Nb4 Ra1 40. Rxa1 Bxa1 41. f3 Kg7 42. Kf2 Kf7 43. Nfd5 Ke6 44. Nb6 Bb3 45. Ke2 Bc3 46. Nc6 Kd6 47. Kd3 Kxc6 48. Kxc3 Be6 0-1

[Event "FIN-chT 1415"]
[Site "Finland"]
[Date "2014.09.28"]
[Round "2.7"]
[White "Sorsa, Nuutti"]
[Black "Vaatainen, Timo"]
[Result "1-0"]
[WhiteElo "2225"]
[BlackElo "2235"]
[PlyCount "69"]
[EventDate "2014.09.27"]
[EventType "team-tourn"]
[EventRounds "11"]
[EventCountry "FIN"]
[SourceTitle "CBM 162 Extra"]
[Source "ChessBase"]
[SourceDate "2014.10.17"]
[SourceVersion "1"]
[SourceVersionDate "2014.10.17"]
[SourceQuality "1"]
[WhiteTeam "Turku TuTS"]
[BlackTeam "Helsinki Aatos"]
[WhiteTeamCountry "FIN"]
[BlackTeamCountry "FIN"]

1. c4 e5 2. g3 d6 3. Bg2 f5 4. Nc3 Nf6 5. d3 Be7 6. e3 0-0 7. Nh3 c6 8. f4 Ng4 9. 0-0 a5 10. Qe2 Na6 11. Kh1 exf4 12. Nxf4 g5 13. Nh3 h6 14. Nf2 Nf6 15. e4 Nc5 16. Be3 fxe4 17. d4 Ncd7 18. Ncxe4 Qe8 19. Rae1 Nxe4 20. Bxe4 Nf6 21. Bc2 Bd8 22. Qd3 Qh5 23. d5 cxd5 24. cxd5 Qf7 25. Ne4 Qg7 26. Bd4 Bh3 27. Rf3 Rc8 28. Nxd6 Rxc2 29. Qxc2 g4 30. Rf2 Qg5 31. Re5 Qg7 32. Ref5 Qe7 33. Be5 Bc7 34. Rxf6 Rxf6 35. Rxf6 1-0

[Event "FIN-chT 1415"]
[Site "Finland"]
[Date "2014.09.27"]
[Round "1.7"]
[White "Vaatainen, Timo"]
[Black "Hynninen, Juha"]
[Result "0-1"]
[WhiteElo "2235"]
[BlackElo "2210"]
[PlyCount "90"]
[EventDate "2014.09.27"]
[EventType "team-tourn"]
[EventRounds "11"]
[EventCountry "FIN"]
[SourceTitle "CBM 162 Extra"]
[Source "ChessBase"]
[SourceDate "2014.10.17"]
[SourceVersion "1"]
[SourceVersionDate "2014.10.17"]
[SourceQuality "1"]
[WhiteTeam "Helsinki Aatos"]
[BlackTeam "Salo SalSK"]
[WhiteTeamCountry "FIN"]
[BlackTeamCountry "FIN"]

1. Nf3 Nf6 2. b3 g6 3. Bb2 Bg7 4. e3 0-0 5. Be2 c5 6. 0-0 Nc6 7. Ne5 Nxe5 8. Bxe5 d6 9. Bb2 b6 10. c4 Bb7 11. d3 Qc7 12. f4 Rad8 13. Qc2 d5 14. Be5 Qc8 15. Nc3 d4 16. exd4 cxd4 17. Nb5 Ne8 18. Bxg7 Nxg7 19. Qd2 a6 20. Na3 h5 21. Rac1 Qa8 22. Bf3 Bxf3 23. Rxf3 Nf5 24. Rf2 Rc8 25. Re2 Rfd8 26. Re4 Rd7 27. Rce1 e6 28. Nc2 b5 29. Qf2 bxc4 30. bxc4 Qa7 31. h3 h4 32. Re5 Kg7 33. Rb1 Rb8 34. Ree1 Rdb7 35. Rxb7 Rxb7 36. Rc1 Rb2 37. Qe1 Kh7 38. Qe5 Qb7 39. Qe4 Qb6 40. Ne1 Ng3 41. c5 Qb4 42. Qe5 Re2 43. Qf6 Qxe1+ 44. Kh2 Rxg2+ 45. Kxg2 Qd2+ 0-1

[Event "FIN-chT 1314"]
[Site "Finland"]
[Date "2014.03.08"]
[Round "10.5"]
[White "Maki, Veijo"]
[Black "Vaatainen, Timo"]
[Result "1/2-1/2"]
[WhiteElo "2379"]
[BlackElo "2224"]
[PlyCount "106"]
[EventDate "2013.09.21"]
[EventType "team-tourn"]
[EventRounds "11"]
[EventCountry "FIN"]
[SourceTitle "EXT 2015"]
[Source "ChessBase"]
[SourceDate "2014.11.20"]
[SourceVersion "1"]
[SourceVersionDate "2014.11.20"]
[SourceQuality "1"]
[WhiteTeam "Tampere Tammer"]
[BlackTeam "Helsinki Aatos"]
[WhiteTeamCountry "FIN"]
[BlackTeamCountry "FIN"]

1. g3 e5 2. c4 Nf6 3. Bg2 Be7 4. Nc3 0-0 5. Nf3 d6 6. d4 Nbd7 7. 0-0 c6 8. Qc2 Re8 9. Rd1 Qc7 10. Rb1 Bf8 11. d5 g6 12. Nd2 a6 13. b4 Bg7 14. dxc6 bxc6 15. Nce4 Rb8 16. c5 d5 17. Nd6 Rf8 18. e4 Nxe4 19. N2xe4 dxe4 20. Qxe4 Bb7 21. Bg5 Nf6 22. Bxf6 Bxf6 23. Nxb7 Qxb7 24. Rd6 Bg7 25. Qxc6 Qe7 26. Qxa6 e4 27. Qc4 e3 28. Re1 exf2+ 29. Kxf2 Qg5 30. Bd5 Be5 31. Ra6 Qd2+ 32. Re2 Bd4+ 33. Kg2 Qd1 34. Bf3 Qg1+ 35. Kh3 Qf1+ 36. Bg2 Qf5+ 37. g4 Qf4 38. Re4 Qh6+ 39. Kg3 Bg1 40. h4 Rbe8 41. g5 Qg7 42. Rf6 h6 43. Rxe8 Rxe8 44. Bd5 hxg5 45. Bxf7+ Kh8 46. Qf1 Re4 47. hxg5 Qh7 48. Qxg1 Qh4+ 49. Kf3 Re1 50. Qxe1 Qxe1 51. Bxg6 Qc3+ 52. Kf4 Qxb4+ 53. Be4 Qxc5 1/2-1/2

[Event "FIN-chT 1213"]
[Site "Finland"]
[Date "2013.02.10"]
[Round "11.6"]
[White "Maki, Veijo"]
[Black "Vaatainen, Timo"]
[Result "1-0"]
[WhiteElo "2383"]
[BlackElo "2238"]
[PlyCount "91"]
[EventDate "2012.09.28"]
[EventType "team-tourn"]
[EventRounds "11"]
[EventCountry "FIN"]
[SourceTitle "EXT 2014"]
[Source "ChessBase"]
[SourceDate "2013.11.20"]
[SourceVersion "1"]
[SourceVersionDate "2013.11.20"]
[SourceQuality "1"]
[WhiteTeam "Tammer Shakki"]
[BlackTeam "Helsinki Aatos"]
[WhiteTeamCountry "FIN"]
[BlackTeamCountry "FIN"]

1. e4 e5 2. Nf3 Nc6 3. Bb5 d6 4. d4 exd4 5. Nxd4 Bd7 6. 0-0 Nf6 7. Nc3 Be7 8. b3 0-0 9. Bb2 Re8 10. Re1 Nxd4 11. Qxd4 Bxb5 12. Nxb5 a6 13. Nc3 Nd7 14. Nd5 Bf6 15. Nxf6+ Qxf6 16. Qxf6 Nxf6 17. Bxf6 gxf6 18. Re3 Re6 19. Rc3 c6 20. f3 Rd8 21. Rd1 Kf8 22. Rcd3 Ke7 23. c4 Re5 24. g4 h5 25. h3 hxg4 26. hxg4 b5 27. Kf2 bxc4 28. bxc4 Rc5 29. Rd4 Rd7 30. Kg3 Ra5 31. R4d2 c5 32. g5 fxg5 33. e5 Ra4 34. exd6+ Kf6 35. Rc1 Rb4 36. Rd5 Kg6 37. f4 gxf4+ 38. Kxf4 Kf6 39. Kg4 Kg6 40. a3 Ra4 41. Rc3 Kf6 42. Kf4 Ke6 43. Re3+ Kf6 44. Rf5+ Kg7 45. Rg5+ Kf8 46. Re8+ 1-0

[Event "Helsinki We HSK 5th Group A"]
[Site "Helsinki"]
[Date "2013.??.??"]
[Round "1"]
[White "Tumanov, Dmitri"]
[Black "Vaatainen, Timo"]
[Result "1-0"]
[WhiteElo "1976"]
[BlackElo "2238"]
[PlyCount "91"]
[EventDate "2013.??.??"]
[EventType "swiss"]
[EventRounds "5"]
[EventCountry "FIN"]
[SourceTitle "EXT 2022"]
[Source "ChessBase"]
[SourceDate "2021.10.06"]
[SourceVersion "1"]
[SourceVersionDate "2021.10.06"]
[SourceQuality "1"]

1. e4 d6 2. f4 Nf6 3. Nc3 d5 4. e5 d4 5. exf6 dxc3 6. fxg7 cxd2+ 7. Qxd2 Qxd2+ 8. Bxd2 Bxg7 9. c3 Bf5 10. Be2 h5 11. Bf3 c6 12. 0-0-0 Nd7 13. Be3 Nf6 14. Ne2 Bg4 15. Bxg4 hxg4 16. Bd4 b6 17. Ng3 c5 18. Be5 e6 19. f5 0-0 20. Bxf6 Bxf6 21. Ne4 Be5 22. fxe6 fxe6 23. g3 Bg7 24. Rd6 Bh6+ 25. Kc2 Rae8 26. Rd7 Rf3 27. Rxa7 Ref8 28. Re7 c4 29. Rxe6 Be3 30. Rg6+ Kh7 31. Rxg4 Rf1 32. Rxf1 Rxf1 33. b4 b5 34. h4 Rc1+ 35. Kb2 Re1 36. Ng5+ Kh6 37. Re4 Kg6 38. g4 Re2+ 39. Kb1 Kf6 40. Re6+ Kg7 41. Nf3 Kf7 42. Re4 Kg6 43. h5+ Kf6 44. h6 Kg6 45. Re6+ Kh7 46. Ng5+ 1-0

[Event "FIN-chT 1112"]
[Site "Finland"]
[Date "2011.09.17"]
[Round "1.6"]
[White "Vaatainen, Timo"]
[Black "Paakkonen, Timo"]
[Result "1/2-1/2"]
[WhiteElo "2245"]
[BlackElo "2277"]
[PlyCount "86"]
[EventDate "2011.09.17"]
[EventType "team-tourn"]
[EventRounds "11"]
[EventCountry "FIN"]
[SourceTitle "CBM 144 Extra"]
[Source "ChessBase"]
[SourceDate "2011.10.28"]
[SourceVersion "1"]
[SourceVersionDate "2011.10.28"]
[SourceQuality "1"]
[WhiteTeam "Helsinki Aatos"]
[BlackTeam "Porvoo Velhot"]
[WhiteTeamCountry "FIN"]
[BlackTeamCountry "FIN"]

1. d4 Nf6 2. Nf3 g6 3. c4 Bg7 4. Nc3 d5 5. e3 0-0 6. Be2 c5 7. dxc5 Qa5 8. 0-0 dxc4 9. Bxc4 Qxc5 10. Qe2 a6 11. e4 b5 12. Bb3 Nc6 13. e5 Ng4 14. h3 Ngxe5 15. Be3 Qd6 16. Rfd1 Nxf3+ 17. Qxf3 Qf6 18. Qxf6 Bxf6 19. Rac1 Na5 20. Bd5 Bb7 21. Bxb7 Nxb7 22. Rd7 Na5 23. b3 Rfc8 24. Nd5 Rxc1+ 25. Bxc1 Nc6 26. Ba3 Ne5 27. Nxf6+ exf6 28. Rd6 g5 29. Rxf6 Nd3 30. Rd6 Nf4 31. Kh2 Ne6 32. Bb2 h6 33. Be5 Kh7 34. g4 a5 35. Rd5 b4 36. Kg3 a4 37. Rb5 axb3 38. axb3 Ra3 39. Rxb4 Nc5 40. Rb8 Rxb3+ 41. Rxb3 Nxb3 42. Kf3 Kg6 43. Ke3 f5 1/2-1/2

[Event "FIN-chT 0708"]
[Site "Finland"]
[Date "2007.11.17"]
[Round "4.3"]
[White "Maki, Veijo"]
[Black "Vaatainen, Timo"]
[Result "1-0"]
[WhiteElo "2405"]
[BlackElo "2254"]
[PlyCount "101"]
[EventDate "2007.09.15"]
[EventType "team-tourn"]
[EventRounds "9"]
[EventCountry "FIN"]
[SourceTitle "EXT 2022"]
[Source "ChessBase"]
[SourceDate "2021.10.06"]
[SourceVersion "1"]
[SourceVersionDate "2021.10.06"]
[SourceQuality "1"]
[WhiteTeam "Tampere OpusCapita"]
[BlackTeam "Helsinki Aatos"]
[WhiteTeamCountry "FIN"]
[BlackTeamCountry "FIN"]

1. g3 d5 2. Nf3 c6 3. Bg2 Bg4 4. 0-0 e6 5. c4 Nd7 6. d3 Ngf6 7. b3 b5 8. Nc3 b4 9. Na4 Bxf3 10. Bxf3 Bd6 11. e4 dxe4 12. dxe4 Qc7 13. Bg2 Rd8 14. Qe2 Be5 15. Bb2 0-0 16. Bxe5 Nxe5 17. f4 Ng6 18. e5 Nd7 19. Rad1 Ne7 20. Be4 Nb6 21. Nb2 Nd7 22. Nd3 Qb6+ 23. Qf2 Qxf2+ 24. Kxf2 a5 25. Ke3 f6 26. exf6 gxf6 27. Rd2 f5 28. Bf3 a4 29. Rfd1 axb3 30. axb3 Ra8 31. Nxb4 Nc5 32. Nxc6 Nxc6 33. Bxc6 Ra3 34. Rb1 Rb8 35. Bb5 Kf7 36. Rd6 Ke7 37. Rdd1 h5 38. Kd4 Nxb3+ 39. Kc3 Na5+ 40. Kb4 Nxc4 41. Kxc4 h4 42. Rd7+ Kf6 43. Re1 Rc8+ 44. Kb4 Ra2 45. Bc4 Rb2+ 46. Kc3 Rb6 47. Rh7 Rbc6 48. Rxe6+ Rxe6 49. Rh6+ Kg7 50. Rxe6 hxg3 51. hxg3 1-0

[Event "FIN-chT 0607"]
[Site "Finland"]
[Date "2006.09.17"]
[Round "2.5"]
[White "Nevanlinna, Risto"]
[Black "Vaatainen, Timo"]
[Result "1-0"]
[WhiteElo "2314"]
[BlackElo "2268"]
[PlyCount "125"]
[EventDate "2006.09.14"]
[EventType "team-tourn"]
[EventRounds "9"]
[EventCountry "FIN"]
[SourceTitle "EXT 2022"]
[Source "ChessBase"]
[SourceDate "2021.10.06"]
[SourceVersion "1"]
[SourceVersionDate "2021.10.06"]
[SourceQuality "1"]
[WhiteTeam "Jyvaskyla JyS"]
[BlackTeam "Helsinki Aatos"]
[WhiteTeamCountry "FIN"]
[BlackTeamCountry "FIN"]

1. e4 e5 2. Nf3 Nc6 3. Bb5 d6 4. Nc3 Nf6 5. d4 exd4 6. Nxd4 Bd7 7. 0-0 Be7 8. Re1 0-0 9. Bf1 Re8 10. Bg5 Nxd4 11. Qxd4 Bc6 12. Rad1 Nd7 13. Bxe7 Qxe7 14. g3 Qe5 15. Qd2 Nf6 16. Bg2 Qc5 17. h3 Re5 18. Kh2 Rae8 19. f3 b5 20. Qd4 a5 21. Ne2 b4 22. f4 R5e7 23. Qxc5 dxc5 24. e5 Bxg2 25. Kxg2 Nd7 26. Rd5 c6 27. Rd6 f6 28. Rxc6 fxe5 29. Rd1 exf4 30. Nxf4 g5 31. Nh5 Rf8 32. Rd2 Re1 33. Rc7 Ne5 34. Rg7+ Kh8 35. Re7 Nf3 36. Rdd7 Rxe7 37. Rxe7 Nd4 38. c3 bxc3 39. bxc3 Nb5 40. Re5 Nxc3 41. Rxc5 Nd1 42. g4 Ne3+ 43. Kh2 h6 44. Rxa5 Nf1+ 45. Kg1 Nd2 46. Ra6 Kh7 47. Ra7+ Kg8 48. a4 Nf3+ 49. Kf2 Nh4+ 50. Ke3 Rf3+ 51. Ke4 Rxh3 52. a5 Ra3 53. a6 Kf8 54. Nf6 Ng6 55. Nd7+ Ke8 56. Kf5 Ne7+ 57. Ke6 Re3+ 58. Kf6 Nd5+ 59. Kg7 Re7+ 60. Kxh6 Rxd7 61. Rxd7 Kxd7 62. a7 Nb6 63. Kxg5 1-0

[Event "FIN-chT1B 0506"]
[Site "Finland"]
[Date "2006.03.11"]
[Round "7.2"]
[White "Vaatainen, Timo"]
[Black "Toikka, Jussi"]
[Result "1/2-1/2"]
[WhiteElo "2276"]
[BlackElo "2074"]
[PlyCount "55"]
[EventDate "2005.09.17"]
[EventType "team-tourn"]
[EventRounds "7"]
[EventCountry "FIN"]
[SourceTitle "EXT 2022"]
[Source "ChessBase"]
[SourceDate "2021.10.06"]
[SourceVersion "1"]
[SourceVersionDate "2021.10.06"]
[SourceQuality "1"]
[WhiteTeam "Helsinki Aatos"]
[BlackTeam "Karhula TS"]
[WhiteTeamCountry "FIN"]
[BlackTeamCountry "FIN"]

1. d4 g6 2. c3 d6 3. Nf3 Bg7 4. e4 Nf6 5. Nbd2 0-0 6. a4 a5 7. Bc4 Nxe4 8. Nxe4 d5 9. Bd3 dxe4 10. Bxe4 Nd7 11. Bg5 Nf6 12. Bd3 c6 13. Qc2 Be6 14. 0-0 Qc7 15. Rae1 Qb6 16. Ne5 c5 17. Bxf6 exf6 18. dxc5 Qxc5 19. Nf3 f5 20. Re3 Bd5 21. Rfe1 f4 22. R3e2 Rad8 23. Be4 Bc4 24. Rd2 Qb6 25. Rxd8 Rxd8 26. Qc1 Qc7 27. Bc2 Bd5 28. Be4 1/2-1/2

[Event "FIN-chT1B 0506"]
[Site "Finland"]
[Date "2005.11.12"]
[Round "4.2"]
[White "Salimaki, Janne"]
[Black "Vaatainen, Timo"]
[Result "1/2-1/2"]
[WhiteElo "2172"]
[BlackElo "2276"]
[PlyCount "21"]
[EventDate "2005.09.17"]
[EventType "team-tourn"]
[EventRounds "7"]
[EventCountry "FIN"]
[SourceTitle "EXT 2022"]
[Source "ChessBase"]
[SourceDate "2021.10.06"]
[SourceVersion "1"]
[SourceVersionDate "2021.10.06"]
[SourceQuality "1"]
[WhiteTeam "Espoo MatSK II"]
[BlackTeam "Helsinki Aatos"]
[WhiteTeamCountry "FIN"]
[BlackTeamCountry "FIN"]

1. d4 d5 2. Nf3 c6 3. c4 e6 4. Qc2 f5 5. Bf4 Nf6 6. e3 Bd6 7. Bd3 0-0 8. 0-0 Qe7 9. Nc3 Ne4 10. Ne2 Nd7 11. Rac1 1/2-1/2

[Event "FIN-chT1B 0506"]
[Site "Finland"]
[Date "2005.10.08"]
[Round "2.2"]
[White "Vaatainen, Timo"]
[Black "Kiili, Markus"]
[Result "1/2-1/2"]
[WhiteElo "2276"]
[BlackElo "2183"]
[PlyCount "119"]
[EventDate "2005.09.17"]
[EventType "team-tourn"]
[EventRounds "7"]
[EventCountry "FIN"]
[SourceTitle "EXT 2022"]
[Source "ChessBase"]
[SourceDate "2021.10.06"]
[SourceVersion "1"]
[SourceVersionDate "2021.10.06"]
[SourceQuality "1"]
[WhiteTeam "Helsinki Aatos"]
[BlackTeam "Vantaa Remi"]
[WhiteTeamCountry "FIN"]
[BlackTeamCountry "FIN"]

1. d4 d6 2. e4 Nf6 3. Nc3 c6 4. Nf3 Bg4 5. Be2 e6 6. 0-0 Be7 7. Bg5 d5 8. Ne5 Bxe2 9. Qxe2 h6 10. Bxf6 Bxf6 11. exd5 cxd5 12. Qb5+ Nd7 13. f4 Bxe5 14. fxe5 Qb6 15. Qa4 Rc8 16. Nb5 0-0 17. Nd6 Rc7 18. Rf2 f5 19. c3 a6 20. Raf1 Nf6 21. Nxf5 exf5 22. Rxf5 Rc6 23. exf6 Rcxf6 24. Rxf6 Rxf6 25. Qe8+ Kh7 26. Qe2 Rxf1+ 27. Kxf1 Qg6 28. Qd1 Qe4 29. a4 Qf4+ 30. Kg1 Qe3+ 31. Kh1 a5 32. h3 b6 33. Qf1 Qd2 34. Qf5+ Kh8 35. Qxd5 Qxb2 36. c4 Qb4 37. Qe6 Qxa4 38. Kh2 Qb4 39. Qe8+ Kh7 40. Qe4+ Kh8 41. Qe8+ Kh7 42. Qc6 Qd2 43. Qe4+ Kg8 44. c5 bxc5 45. dxc5 Kf7 46. Qf5+ Kg8 47. Qe6+ Kh7 48. Qd6 Qb4 49. Qe5 Qc4 50. Qd6 Qb4 51. Qd3+ Kg8 52. c6 Qc5 53. Qe4 Kf7 54. Qf4+ Ke7 55. Qc7+ Kf6 56. Qd8+ Ke6 57. Qd7+ Kf6 58. Qd8+ Ke6 59. Qg8+ Kf6 60. Qd8+ 1/2-1/2

[Event "FIN-chT qual 0405"]
[Site "Helsinki"]
[Date "2005.04.02"]
[Round "10"]
[White "Hartikainen, Markku"]
[Black "Vaatainen, Timo"]
[Result "1-0"]
[WhiteElo "2272"]
[BlackElo "2289"]
[PlyCount "41"]
[EventDate "2005.04.02"]
[EventType "team-match"]
[EventRounds "1"]
[EventCountry "FIN"]
[SourceTitle "EXT 2019"]
[Source "ChessBase"]
[SourceDate "2018.10.10"]
[SourceVersion "1"]
[SourceVersionDate "2018.10.10"]
[SourceQuality "1"]
[WhiteTeam "Helsinki HSK"]
[BlackTeam "Helsinki Aatos"]
[WhiteTeamCountry "FIN"]
[BlackTeamCountry "FIN"]

1. e4 e5 2. Nf3 Nc6 3. d4 exd4 4. Nxd4 d6 5. Nc3 Nf6 6. Bc4 Be7 7. 0-0 0-0 8. f4 Nxd4 9. Qxd4 Be6 10. Kh1 Bxc4 11. Qxc4 Nd7 12. Be3 Bf6 13. Rad1 Nb6 14. Bxb6 axb6 15. e5 Be7 16. f5 Qd7 17. f6 gxf6 18. exf6 Bd8 19. Rd3 Ra5 20. Qh4 h5 21. Nd5 1-0

[Event "FIN-chT1B 0405"]
[Site "Finland"]
[Date "2005.02.06"]
[Round "6.2"]
[White "Lako, Mika"]
[Black "Vaatainen, Timo"]
[Result "1/2-1/2"]
[WhiteElo "2179"]
[BlackElo "2289"]
[PlyCount "85"]
[EventDate "2004.09.18"]
[EventType "team-tourn"]
[EventRounds "7"]
[EventCountry "FIN"]
[SourceTitle "EXT 2022"]
[Source "ChessBase"]
[SourceDate "2021.10.06"]
[SourceVersion "1"]
[SourceVersionDate "2021.10.06"]
[SourceQuality "1"]
[WhiteTeam "Helsinki I-HSK"]
[BlackTeam "Helsinki Aatos"]
[WhiteTeamCountry "FIN"]
[BlackTeamCountry "FIN"]

1. d4 d5 2. Nf3 c6 3. c4 e6 4. Nc3 f5 5. Bf4 Nf6 6. e3 Be7 7. Qc2 0-0 8. h3 Ne4 9. Bd3 Bd6 10. Ne5 Qe7 11. f3 Nxc3 12. bxc3 Nd7 13. Nxd7 Bxd7 14. Bxd6 Qxd6 15. 0-0 e5 16. cxd5 cxd5 17. Qb3 Bc6 18. f4 exf4 19. Rxf4 Rae8 20. Rf3 g6 21. Raf1 Kg7 22. Qb4 Qxb4 23. cxb4 Bd7 24. Rc1 Rc8 25. Rff1 Rfe8 26. Kf2 Kf6 27. g3 Ke6 28. h4 Kd6 29. Ke2 a6 30. Rc5 b6 31. Rcc1 Bb5 32. Kd2 Bc4 33. a3 b5 34. h5 Bxd3 35. Rxc8 Rxc8 36. Kxd3 Ke6 37. hxg6 hxg6 38. Rh1 a5 39. bxa5 Ra8 40. Rb1 Rxa5 41. Rb3 Kf6 42. Ke2 Kg5 43. Kf3 1/2-1/2

[Event "FIN-chT1B 9900"]
[Site "Finland"]
[Date "2000.??.??"]
[Round "6.1"]
[White "Vaatainen, Timo"]
[Black "Kauppinen, Martti"]
[Result "0-1"]
[WhiteElo "2285"]
[BlackElo "2249"]
[PlyCount "160"]
[EventDate "1999.??.??"]
[EventType "team-tourn"]
[EventRounds "7"]
[EventCountry "FIN"]
[SourceTitle "EXT 2001"]
[Source "ChessBase"]
[SourceDate "2000.11.22"]
[SourceVersion "1"]
[SourceVersionDate "2000.11.22"]
[SourceQuality "1"]
[WhiteTeam "Vantaa Remi"]
[BlackTeam "Helsinki MatSK II"]
[WhiteTeamCountry "FIN"]
[BlackTeamCountry "FIN"]

1. d4 d6 2. Nf3 g6 3. e4 Nf6 4. Bd3 Bg7 5. 0-0 0-0 6. Re1 Nc6 7. c3 e5 8. Nbd2 Nd7 9. dxe5 Ndxe5 10. Be2 Nxf3+ 11. Nxf3 Bg4 12. h3 Bxf3 13. Bxf3 Rb8 14. a4 Re8 15. Qc2 Qh4 16. Be3 a6 17. b4 g5 18. b5 axb5 19. axb5 Ne5 20. Be2 g4 21. hxg4 Nxg4 22. Bxg4 Qxg4 23. Bd4 Re6 24. Re3 Rg6 25. Rg3 Qe6 26. Qd3 Be5 27. Rxg6+ hxg6 28. b6 cxb6 29. Rb1 Ra8 30. Bxb6 Ra3 31. Bd4 Rb3 32. Ra1 Qf6 33. Qc4 Rb2 34. Rf1 Qf4 35. Bxe5 Qxe5 36. f4 Qc5+ 37. Qxc5 dxc5 38. Rd1 Rc2 39. Rb1 Rxc3 40. Rxb7 Rc4 41. Re7 Kf8 42. Re5 f6 43. Rd5 Rxe4 44. Rxc5 Rxf4 45. Rc7 Re4 46. Kf2 Re7 47. Rc8+ Kg7 48. Ra8 Kh6 49. Kf3 Rb7 50. Ra6 Kg5 51. Kf2 Rb4 52. Kf3 f5 53. Kf2 Rb3 54. g3 Kh5 55. Ra4 Rb6 56. Rh4+ Kg5 57. Ra4 Re6 58. Kf3 Re4 59. Ra6 Rb4 60. Kf2 Kh5 61. Rf6 Rb5 62. Ra6 g5 63. Ra4 Re5 64. Rb4 Re4 65. Rb2 Kg4 66. Ra2 Rb4 67. Rc2 Kh3 68. Rc5 Rb2+ 69. Kf1 Kxg3 70. Rxf5 Rb1+ 71. Ke2 g4 72. Rf8 Kg2 73. Rg8 g3 74. Rg7 Rb6 75. Re7 Rb3 76. Rg7 Kh2 77. Rh7+ Kg1 78. Rh3 Rb2+ 79. Ke1 g2 80. Rh8 Rb4 0-1

[Event "Helsinki-ch"]
[Site "Helsinki"]
[Date "1997.??.??"]
[Round "?"]
[White "Pihlajasalo, Antti"]
[Black "Vaatainen, Timo"]
[Result "0-1"]
[WhiteElo "2205"]
[BlackElo "2245"]
[PlyCount "82"]
[EventDate "1997.??.??"]
[EventType "swiss"]
[EventRounds "5"]
[EventCountry "FIN"]
[SourceTitle "EXT 1999"]
[Source "ChessBase"]
[SourceDate "1998.11.16"]
[SourceVersion "1"]
[SourceVersionDate "1998.11.16"]
[SourceQuality "1"]

1. e4 e5 2. Nf3 Nc6 3. Nc3 Nf6 4. Bb5 Nd4 5. Nxe5 Qe7 6. f4 Nxb5 7. Nxb5 d6 8. Nf3 Qxe4+ 9. Kf2 Kd8 10. d3 Ng4+ 11. Kg1 Qe8 12. c4 h5 13. h3 Nh6 14. Kh2 Ng4+ 15. Kg1 Nh6 16. Kf2 f6 17. d4 c6 18. Nc3 Nf5 19. Re1 Qg6 20. d5 c5 21. Ne4 h4 22. b4 Ng3 23. Nxg3 hxg3+ 24. Kg1 Qh5 25. Qe2 Bg4 26. Rf1 Kc7 27. Qd2 Re8 28. Rb1 b6 29. a4 Re4 30. bxc5 dxc5 31. a5 Bxh3 32. axb6+ axb6 33. gxh3 Qxh3 34. Qg2 Qg4 35. Rb2 Bd6 36. Ne5 Rxe5 37. Rb3 Reh5 38. Rxg3 Rh1+ 39. Kf2 Rxf1+ 40. Qxf1 Rh2+ 41. Rg2 Bxf4 0-1